000 01610 a2200337 4500
001 000
003 000
005 20251014161012.0
020 _a9781032462325
040 _aDLC
_beng
_cDLC
_erda
_dDLC
042 _apcc
043 _ae-uk-en
_au-at---
050 0 0 _aK 891 .M37
100 1 _aMason, Jim
_eauthor.
245 1 0 _aConstruction law /
_cJim Mason
_bFrom Beginner to Practitioner
250 _aSecond edition.
264 1 _aLondon :
_bRoutledge,
_c2023.
300 _axxv, 324p.
336 _atext
_btxt
_2rdacontent
337 _aunmediated
_bn
_2rdamedia
338 _avolume
_bnc
_2rdacarrier
504 _aIncludes indexes.
505 0 _avolume I. The legal and commercial frameworks -- Contract formation -- Contract terms -- Procurement -- Contract administration -- Price and payment -- Variations -- volume II. The site -- Breach of contract and termination -- Negligence -- Time -- Damages -- Defects -- Consultants -- Intellectual property -- Insurance -- volume III. Statutory regulation of work -- Home building contracts -- Subcontracts, assignment, novation, waiver and estoppel -- Employment, health and safety -- Bankruptcy and insolvency -- Dispute resolution -- Statutory adjudication -- Arbitration -- Litigation.
650 0 _aConstruction contracts
650 0 _aConstruction industry
_xLaw and legislation
650 0 _aConstruction contracts
650 0 _aConstruction industry
_xLaw and legislation
906 _a7
_bcbc
_corignew
_d1
_eecip
_f20
_gy-gencatlg
942 _2lcc
_cBK
999 _c43762
_d43762